Population Frenzy - Slow Death - Statistics

General Stats
  • This quiz has been taken 56 times
  • The average score is 14 of 25
Answers on the Grid
Answers color-coded by a green-red scale on the quiz's grid according to % correct below.
Australia
Austria
Belgium
Bhutan
Botswana
Bulgaria
Burkina Faso
Chad
Chile
Costa Rica
Cuba
Denmark
Djibouti
Ecuador
Finland
Ghana
Guatemala
Honduras
Israel
Jordan
Kenya
Libya
Maldives
Mali
Mongolia
Nepal
Nicaragua
North Korea
Norway
Oman
Panama
Romania
Rwanda
Saudi Arabia
Senegal
Singapore
South Korea
Sweden
Switzerland
Syria
Taiwan
Turkmenistan
Uzbekistan
Venezuela
Yemen
 
Answer Stats
Answer % Correct
Australia
98%
Kenya
78%
South Korea
78%
Saudi Arabia
76%
Venezuela
73%
Chile
71%
Taiwan
69%
Ghana
63%
North Korea
63%
Romania
59%
Syria
59%
Uzbekistan
55%
Cuba
51%
Yemen
51%
Belgium
49%
Guatemala
49%
Nepal
49%
Chad
47%
Ecuador
47%
Mali
47%
Burkina Faso
43%
Rwanda
43%
Senegal
41%
Sweden
39%
Honduras
29%
No matching quizzes found
Score Distribution
Percent of People with Each Score
Percentile by Number Answered
Your Score History
You have not taken this quiz